[Event "BEL-ch opB"]
[Site "Westerlo"]
[Date "2004.07.??"]
[Round "1"]
[White "Talon, Alain"]
[Black "Barbier, Thomas"]
[Result "1/2-1/2"]
[WhiteElo "2097"]
[BlackElo "1617"]
[PlyCount "126"]
[EventDate "2004.07.??"]
[EventType "swiss"]
[EventRounds "9"]
[EventCountry "BEL"]
[SourceTitle "EXT 2005"]
[Source "ChessBase"]
[SourceDate "2004.11.15"]
[SourceVersion "1"]
[SourceVersionDate "2004.11.15"]
[SourceQuality "1"]

1. a3 c5 2. Nf3 Nc6 3. g3 e6 4. Bg2 Nf6 5. 0-0 d5 6. d3 Be7 7. Nbd2 0-0 8. e4 b6 9. Re1 Bb7 10. e5 Nd7 11. Nf1 Re8 12. h4 Qc7 13. Bf4 Rad8 14. h5 h6 15. Qd2 Bf8 16. N1h2 Rc8 17. Ng4 Kh7 18. c3 Qd8 19. Rad1 f5 20. Ngh2 Qe7 21. Nh4 Qf7 22. Ng6 Ne7 23. Nxe7 Bxe7 24. Bf3 Bc6 25. d4 Rf8 26. Nf1 c4 27. Ne3 Nb8 28. Ng2 Rce8 29. Qc2 Kh8 30. Kf1 Bb5 31. Ke2 Na6 32. Ke3 Nc7 33. Rh1 Ra8 34. Rdg1 Rac8 35. Bd1 Bd7 36. Qc1 Nb5 37. Nh4 Bxh4 38. gxh4 Nc7 39. Bf3 Kh7 40. Ke2 Be8 41. Rg3 Qd7 42. Rhg1 Rf7 43. R1g2 Re7 44. Qg1 Nb5 45. Bc1 a6 46. Rh2 Na7 47. Qg2 Nc6 48. Rh1 Rb8 49. Rg1 Rc8 50. Qf1 Rb8 51. Qd1 Na5 52. Bf4 Nb3 53. Kf1 Rc8 54. Kg2 Rb8 55. Kh3 Rc8 56. R1g2 Rb8 57. Qg1 Rc8 58. Kh2 Na5 59. Bd1 b5 60. Qe1 Nb7 61. Qe3 Na5 62. Rg6 Bxg6 63. Rxg6 Kh8 1/2-1/2

[Event "BEL-ch opB"]
[Site "Westerlo"]
[Date "2004.07.??"]
[Round "5"]
[White "Van Soom, Herman"]
[Black "Barbier, Thomas"]
[Result "1/2-1/2"]
[WhiteElo "1883"]
[BlackElo "1617"]
[PlyCount "77"]
[EventDate "2004.07.??"]
[EventType "swiss"]
[EventRounds "9"]
[EventCountry "BEL"]
[SourceTitle "EXT 2005"]
[Source "ChessBase"]
[SourceDate "2004.11.15"]
[SourceVersion "1"]
[SourceVersionDate "2004.11.15"]
[SourceQuality "1"]

1. e4 c5 2. Nf3 d6 3. d4 cxd4 4. Nxd4 Nf6 5. Nc3 a6 6. Be3 Ng4 7. Bg5 h6 8. Bh4 g5 9. Bg3 Bg7 10. h3 Ne5 11. Be2 Nbc6 12. Nxc6 bxc6 13. Qd2 Qb6 14. Rb1 Bd7 15. f3 Rb8 16. Na4 Qb7 17. Bf2 Qb4 18. Qxb4 Rxb4 19. Nb6 c5 20. Nxd7 Kxd7 21. a3 Rb6 22. 0-0 a5 23. b3 Rhb8 24. a4 Nc6 25. Bb5 Kc7 26. Be1 Ra8 27. f4 Bd4+ 28. Kh1 f6 29. Bd2 gxf4 30. Rxf4 Be5 31. Rh4 Nd4 32. Bd3 Nc6 33. Rxh6 Nb4 34. Bb5 Nxc2 35. Rh7 Na3 36. Rxe7+ Kb8 37. Re8+ Kb7 38. Re7+ Kb8 39. Re8+ 1/2-1/2

[Event "Vlaams-ch"]
[Site "Bilzen"]
[Date "2004.05.31"]
[Round "7"]
[White "Barbier, Thomas"]
[Black "Erkens, Wil"]
[Result "1-0"]
[WhiteElo "1617"]
[BlackElo "1612"]
[PlyCount "39"]
[EventDate "2004.05.20"]
[EventType "swiss"]
[EventRounds "7"]
[EventCountry "BEL"]
[SourceTitle "EXT 2006"]
[Source "ChessBase"]
[SourceDate "2005.11.24"]
[SourceVersion "1"]
[SourceVersionDate "2005.11.24"]
[SourceQuality "1"]

1. e4 e5 2. Nc3 Nf6 3. f4 exf4 4. Nf3 Nc6 5. d4 Bb4 6. Bd3 d6 7. h3 Nh5 8. 0-0 Bxc3 9. bxc3 g6 10. Nh2 Ng3 11. Rxf4 h5 12. Qf3 h4 13. Rxf7 Be6 14. Rf6 Nh5 15. Rxe6+ Kd7 16. Rxg6 Ng3 17. Qg4+ Ke8 18. Bg5 Ne7 19. Bxe7 Qxe7 20. Re6 1-0

[Event "Vlaams-ch"]
[Site "Bilzen"]
[Date "2004.05.30"]
[Round "6"]
[White "Barbier, Thomas"]
[Black "Daglinckx, Hugo"]
[Result "1-0"]
[WhiteElo "1617"]
[BlackElo "1427"]
[PlyCount "119"]
[EventDate "2004.05.20"]
[EventType "swiss"]
[EventRounds "7"]
[EventCountry "BEL"]
[SourceTitle "EXT 2006"]
[Source "ChessBase"]
[SourceDate "2005.11.24"]
[SourceVersion "1"]
[SourceVersionDate "2005.11.24"]
[SourceQuality "1"]

1. e4 e5 2. Nc3 Bb4 3. Bc4 Bxc3 4. bxc3 Nf6 5. d3 h6 6. f4 exf4 7. Bxf4 d6 8. h3 Nc6 9. Nf3 Nh5 10. Bh2 0-0 11. 0-0 Na5 12. Bd5 c6 13. Bb3 Qe7 14. Nd4 Qg5 15. Qf3 Nxb3 16. cxb3 Qg6 17. Nf5 Bxf5 18. exf5 Qg5 19. Bxd6 Rfe8 20. d4 Re3 21. h4 Rxf3 22. hxg5 Rxf1+ 23. Rxf1 hxg5 24. Re1 Nf6 25. Re7 Nd5 26. Rxb7 Nxc3 27. Bc5 Nxa2 28. Bxa7 Kh7 29. Rxf7 Nc3 30. f6 Kg6 31. Rxg7+ Kxf6 32. Rh7 Kg6 33. Rd7 Nb5 34. Bc5 g4 35. Kf2 Nc3 36. Rd6+ Kf5 37. Rxc6 Ne4+ 38. Ke3 g3 39. Rc7 Nf6 40. Kf3 Rg8 41. Re7 Kg6 42. Kxg3 Nd5 43. Re5 Nf6 44. Kf3 Kh7 45. Rf5 Kg6 46. Re5 Nd7 47. Re4 Nf6 48. Rf4 Nd5 49. Rg4+ Kf7 50. Rxg8 Kxg8 51. b4 Nc7 52. Ke4 Kf7 53. Kf5 Kg7 54. Ke5 Kf7 55. Kd6 Ne8+ 56. Kc6 Nf6 57. b5 Ke8 58. b6 Nd7 59. Kc7 Ne5 60. dxe5 1-0

[Event "Vlaams-ch"]
[Site "Bilzen"]
[Date "2004.05.21"]
[Round "2"]
[White "Cornelissen, Philip"]
[Black "Barbier, Thomas"]
[Result "0-1"]
[WhiteElo "1812"]
[BlackElo "1617"]
[PlyCount "78"]
[EventDate "2004.05.20"]
[EventType "swiss"]
[EventRounds "7"]
[EventCountry "BEL"]
[SourceTitle "EXT 2006"]
[Source "ChessBase"]
[SourceDate "2005.11.24"]
[SourceVersion "1"]
[SourceVersionDate "2005.11.24"]
[SourceQuality "1"]

1. e4 c5 2. Nf3 d6 3. d4 cxd4 4. Nxd4 Nf6 5. Nc3 a6 6. f4 e5 7. Nf3 Nbd7 8. Bc4 Be7 9. 0-0 0-0 10. a4 exf4 11. Bxf4 Qb6+ 12. Qd4 Qxd4+ 13. Nxd4 Nc5 14. Bd5 Re8 15. Rad1 Nxd5 16. Nxd5 Nxe4 17. Nc7 Bg4 18. Rd3 Rac8 19. Nxe8 Rxe8 20. Re1 d5 21. h3 Bd7 22. b3 h6 23. Red1 Rc8 24. Rc1 Ba3 25. Re1 Bc5 26. Re2 Bf5 27. Kf1 Bg6 28. Nf3 Nf6 29. Rc3 Ne4 30. Rd3 Nf6 31. Rd1 Ne4 32. Rde1 Bb4 33. Rc1 Ba3 34. Ra1 Bb2 35. Rb1 Ba3 36. Re3 Rxc2 37. Rd1 Bc5 38. Nd4 Rf2+ 39. Ke1 Bb4+ 0-1

[Event "BEL-ch U16"]
[Site "Worriken Buetgenbach"]
[Date "2004.04.08"]
[Round "6.3"]
[White "Devriendt, Jo"]
[Black "Barbier, Thomas"]
[Result "1-0"]
[WhiteElo "1805"]
[BlackElo "1617"]
[PlyCount "55"]
[EventDate "2004.04.03"]
[EventType "swiss"]
[EventRounds "9"]
[EventCountry "BEL"]
[SourceTitle "EXT 2006"]
[Source "ChessBase"]
[SourceDate "2005.11.24"]
[SourceVersion "1"]
[SourceVersionDate "2005.11.24"]
[SourceQuality "1"]

1. e4 c5 2. Nc3 Nc6 3. g3 Rb8 4. Bg2 g6 5. d3 Bg7 6. Be3 d6 7. Qd2 e6 8. h4 h5 9. Nh3 Nge7 10. f3 b5 11. Nf2 b4 12. Ncd1 a5 13. g4 Bf6 14. Bg5 Bxg5 15. hxg5 Nd4 16. f4 Nec6 17. c3 Nb5 18. gxh5 gxh5 19. Qe2 h4 20. Qg4 e5 21. f5 Rg8 22. Nh3 Rh8 23. Ng1 Rg8 24. Nf3 f6 25. g6 a4 26. Qxh4 a3 27. Qh7 Kf8 28. Qf7# 1-0

[Event "Loire-ch op"]
[Site "Loire"]
[Date "2004.01.10"]
[Round "1"]
[White "Gregoire, Patrick"]
[Black "Barbier, Thomas"]
[Result "1-0"]
[WhiteElo "1499"]
[BlackElo "1199"]
[PlyCount "95"]
[EventDate "2004.01.10"]
[EventType "swiss"]
[EventRounds "9"]
[EventCountry "FRA"]
[SourceTitle "EXT 2008"]
[Source "ChessBase"]
[SourceDate "2007.11.25"]
[SourceVersion "1"]
[SourceVersionDate "2007.11.25"]
[SourceQuality "1"]

1. e4 d5 2. exd5 Qxd5 3. Nc3 Qd8 4. d4 Bf5 5. Nf3 e6 6. Bd3 Bxd3 7. Qxd3 Bd6 8. 0-0 Nf6 9. Re1 0-0 10. Ng5 g6 11. Qh3 Nh5 12. g4 f6 13. Nxe6 Qe7 14. gxh5 gxh5 15. Bh6 Rf7 16. Qg3+ Bxg3 17. hxg3 Nc6 18. a3 Qd7 19. d5 Ne5 20. Re3 c6 21. Rd1 cxd5 22. Rxd5 Qxe6 23. f4 f5 24. Bg5 h6 25. Rdxe5 Qb6 26. Nd5 Qc6 27. Ne7+ Rxe7 28. Bxe7 Qxc2 29. Re2 Qc1+ 30. Kf2 Rc8 31. Rd5 Qc7 32. b4 Re8 33. Rde5 Qb6+ 34. Bc5 Qd8 35. Rxe8+ Qxe8 36. Rxe8+ Kg7 37. Bxa7 b5 38. Re5 Kg6 39. Rxb5 Kf6 40. Bd4+ Ke6 41. a4 Kf7 42. a5 Ke6 43. a6 Kf7 44. a7 Ke6 45. a8Q Ke7 46. Rb6 Kf7 47. Qa7+ Kf8 48. Rb8# 1-0

[Event "Geraardsbergen op"]
[Site "Geraardsbergen"]
[Date "2003.08.16"]
[Round "6"]
[White "Barbier, Thomas"]
[Black "Cornelis, Eric"]
[Result "1/2-1/2"]
[WhiteElo "1615"]
[BlackElo "1824"]
[PlyCount "44"]
[EventDate "2003.08.??"]
[EventType "swiss"]
[EventRounds "7"]
[EventCountry "BEL"]
[SourceTitle "EXT 2005"]
[Source "ChessBase"]
[SourceDate "2004.11.15"]
[SourceVersion "1"]
[SourceVersionDate "2004.11.15"]
[SourceQuality "1"]

1. e4 c5 2. Nc3 Nc6 3. Bb5 g6 4. Bxc6 bxc6 5. f4 Bg7 6. Nf3 e6 7. d3 Ne7 8. h3 d5 9. 0-0 0-0 10. g4 f5 11. e5 d4 12. Ne2 Nd5 13. a3 a5 14. Qe1 Bh6 15. g5 Bg7 16. Rf2 Ba6 17. Rh2 Rf7 18. Bd2 a4 19. Kh1 Rb8 20. Rb1 Rfb7 21. Bc1 Qd7 22. h4 Kf7 1/2-1/2